Harvard business review : managing project's and programs

Bibliographic Details
Corporate Author: Harvard College
Format: Book
Language:English
Published: [s.n.] : Harvard College 1971
Subjects:

MARC

LEADER 00000cam a2200000 7i4500
001 0000000864
005 20240912.0
008 240502 a eng
040 |a INS   |b eng   |e rda 
090 0 0 |a RHD69.P75   |b .M277 1971 
245 0 0 |a Harvard business review :   |b managing project's and programs 
264 1 |a [s.n.] :   |b Harvard College   |c 1971 
300 |a 162 pages :   |b illustrations ;   |c 28 cm. 
336 |a text  |2 rdacontent 
337 |a unmediated  |2 rdamedia 
338 |a volume  |2 rdacarrier 
650 0 |a Management   |x Programmed instructions 
710 2 |a Harvard College 
999 |a 0000001343   |b BOOK   |c Red Spot   |e Default branch